[Event "Thane ARMS op 1st"]
[Site "Thane"]
[Date "2018.04.22"]
[Round "9"]
[White "Rathi, Dhanashree"]
[Black "Pipada, Kush"]
[Result "1-0"]
[WhiteElo "1590"]
[BlackElo "1335"]
[PlyCount "101"]
[EventDate "2018.04.21"]
[EventType "swiss (rapid)"]
[EventRounds "9"]
[EventCountry "IND"]
[SourceTitle "CBM 184 Extra"]
[Source "ChessBase"]
[SourceDate "2018.06.28"]
[SourceVersion "1"]
[SourceVersionDate "2018.06.28"]
[SourceQuality "1"]

1. d4 d5 2. Nf3 Nc6 3. e3 Nf6 4. h3 a6 5. Bd3 Nb4 6. Be2 Bf5 7. Na3 e6 8. c3 Nc6 9. Ne5 Nxe5 10. dxe5 Nd7 11. f4 Qh4+ 12. Kf1 Bxa3 13. bxa3 Nc5 14. Bd2 Qg3 15. Qe1 Ne4 16. Bf3 Nxd2+ 17. Qxd2 h5 18. c4 0-0 19. cxd5 exd5 20. Bxh5 Be4 21. Qf2 Bd3+ 22. Ke1 Qxf2+ 23. Kxf2 c5 24. Bf3 Rfd8 25. Rhd1 Bc4 26. Rd2 Rd7 27. Rc1 b5 28. Be2 Bxe2 29. Kxe2 c4 30. Rd4 f5 31. exf6 gxf6 32. Rcd1 Rad8 33. e4 Re8 34. Kf2 Rde7 35. exd5 Re2+ 36. Kg3 R8e3+ 37. Kg4 Rxg2+ 38. Kf5 Kf7 39. d6 Ke8 40. a4 Rgg3 41. axb5 axb5 42. a4 Rd3 43. axb5 Rxd1 44. Rxd1 Rd3 45. Rc1 Rxd6 46. Rxc4 Rd5+ 47. Ke6 Rd8 48. b6 Rb8 49. b7 Kd8 50. Rc8+ Rxc8 51. bxc8Q+ 1-0